| 000 | 00454pab a2200181 454500 | ||
|---|---|---|---|
| 008 | 180718b xxu||||| |||| 00| 0 eng d | ||
| 100 | _aAtheeq, L.K | ||
| 245 | _aEconomic restructuring and the IAS | ||
| 650 | _a IAS | ||
| 650 | _a India - Economic Policy | ||
| 650 | _a Economic Policy | ||
| 650 | _a Economic Reform | ||
| 650 | _a Civil Service | ||
| 650 | _aCivil Service - India | ||
| 700 | _aOthers | ||
| 773 | _aAdministrator | ||
| 909 | _a22889 | ||
| 999 |
_c22889 _d22889 |
||